| 000 | 01240cam a2200241 4500 | ||
|---|---|---|---|
| 001 | ABS66524 | ||
| 008 | 030324n2003 000 0 eng u | ||
| 035 | _a(Sirsi) u121711 | ||
| 100 | _aWalker, B. | ||
| 245 | _aCities homing in on quality street | ||
| 260 | _c2003 | ||
| 490 |
_aRegeneration and Renewal _v7 March 2003, 20-21(2) |
||
| 520 | _aHigh density housing on brownfield land is government's answer to the housing crisis in London and southeast England, although many people still favour country homes. Article looks at different high density housing solutions, such as mixed tenure housing, and shows how good design can create successful urban communities. Examines two high density housing developments: Millennium Plus at the Nightingale Clapton, London E5, and Ravenswood southeast Ipswich, Suffolk. The Millenium Plus scheme replaced tower blocks with a mix of three-to-six-storey social and open market housing while the Ravenswood project is an urban village on a disused airfield. | ||
| 590 | _aABS | ||
| 650 | _aHIGH DENSITY HOUSING | ||
| 650 | _aSOUTHEAST ENGLAND | ||
| 650 | _aMIXED TENURE | ||
| 650 | _aLONDON | ||
| 650 | _aHOUSING DESIGN | ||
| 650 | _aURBAN LIVING | ||
| 690 | _aHOUSING | ||
| 942 | _n0 | ||
| 999 |
_c72333 _d72333 |
||